Páginas de mi diario de campaña: Recuerdos íntimos de la Guerra del Pacífico. 1879-1881. Prólogo de Carlos Morla Vicuña
Saved in:
| Main Author: | |
|---|---|
| Format: | Book |
| Language: | Spanish |
| Published: |
París
Imprenta de Chaix, 20 rue Bergère
1886
|
| Edition: | 1a. ed |
| Subjects: | |
| Tags: |
Add Tag
No Tags, Be the first to tag this record!
|
MARC
| LEADER | 00000nam a2200000 a 4500 | ||
|---|---|---|---|
| 001 | UCJ5329 | ||
| 003 | CL-VaPUC | ||
| 008 | 070124e18860000FR |||||||||||||||||spa|d | ||
| 082 | 0 | 4 | |a 983 |b SOL |2 21 |
| 100 | 0 | |a Solar, Alberto del |e author |9 510399 | |
| 245 | 1 | 0 | |a Páginas de mi diario de campaña: Recuerdos íntimos de la Guerra del Pacífico. 1879-1881. Prólogo de Carlos Morla Vicuña |
| 250 | |a 1a. ed | ||
| 300 | |a 251 p | ||
| 942 | |c BK | ||
| 945 | |d 20070124 00:00:00 |a rinostro | ||
| 260 | |a París |b Imprenta de Chaix, 20 rue Bergère |c 1886 | ||
| 650 | 0 | |a Guerra del Pacífico |9 314886 | |
| 650 | 7 | |a DIARIO |2 CL-VaPUC |9 441581 | |
| 650 | 0 | |a Anécdotas militares |9 504445 | |
| 651 | 7 | |a CHILE |2 CL-VaPUC |9 510400 | |
| 651 | 0 | |a Perú |9 256567 | |
| 583 | |a last modification |c 20070124 00:00:00 |k Rodrigo Vera | ||
| 999 | |c 321439 |d 321437 | ||
| 952 | |0 0 |1 0 |4 0 |6 983_000000000000000_SOL_1886 |7 0 |8 X |9 400174 |a FDOBUD |b FDOBUD |d 2019-11-22 |i 1033026 |o 983 SOL 1886 |p 1033026 |r 2019-11-22 |w 2019-11-22 |y BK_X |k BUD | ||